MARC

LEADER 00000nam0a2200000 4500
001 298553
005 20231102001121.0
035 |a (RuTPU)RU\TPU\book\323696 
090 |a 298553 
100 |a 20150618d1961 m y0rusy50 ca 
101 0 |a rus 
102 |a RU 
105 |a a j 001zy 
200 1 |a Металлургия стали. Общий курс  |e учебник  |f Е. В. Абросимов [и др.]  |g под ред. В. И. Явойского 
210 |a Москва  |c Металлургиздат  |d 1961 
215 |a 679 с.  |c ил. 
320 |a Библиогр.: с. 674-679 
606 1 |a Сталь  |x Металлургия  |2 stltpush  |3 (RuTPU)RU\TPU\subj\56287  |9 74200 
610 1 |a сталеплавильные процессы 
610 1 |a кинетика 
610 1 |a физическая химия 
610 1 |a шлаки 
610 1 |a железо 
610 1 |a получение 
610 1 |a конвертерные процессы 
610 1 |a мартеновский процесс 
610 1 |a бессемерование 
610 1 |a раскисление 
610 1 |a разливка 
610 1 |a кристаллизация 
610 1 |a мартеновские печи 
610 1 |a мартеновские цехи 
610 1 |a учебники 
675 |a 669.18(075.8)  |v 4 
701 1 |a Абросимов  |b Е. В.  |g Евгений Васильевич 
701 1 |a Аншелес  |b И. И.  |g Илья Иосифович 
701 1 |a Кудрин  |b В. А.  |g Виктор Александрович 
701 1 |a Кряковский  |b Ю. В.  |g Юрий Васильевич 
701 1 |a Орлов  |b В. И.  |g Владимир Иванович 
702 1 |a Явойский  |b В. И.  |4 340 
801 1 |a RU  |b 63413507  |c 20150618 
801 2 |a RU  |b 63413507  |c 20170112  |g RCR 
942 |c BK